| 000 | 00489cam a22001692a 4500 | ||
|---|---|---|---|
| 001 | 000181 | ||
| 003 | AR-FADEU | ||
| 008 | 311216n13 a####xxu####################dd | ||
| 100 | _aMartín, Daniela N | ||
| 245 | _aGeneración y migración de petróleo desde compartimentos con presiones anormales | ||
| 260 | _bUniversidad Nacional del Comahue | ||
| 260 | _aNeuquén | ||
| 260 | _c13 agosto 1999 | ||
| 440 | _aPrácticas Profesionales | ||
| 650 | _aPETROLEO/TRADUC/ | ||
| 942 | _cFOLLETO | ||
| 999 |
_c1022 _d1022 |
||